书目信息 |
| 题名: |
1949-1979翻译出版外国文学著作目录和提要
|
|
| 作者: | ;中国版本图书馆 编 | |
| 分册: | ||
| 出版信息: | 南京 江苏人民出版社 1986.07 |
|
| 页数: | 1412页 | |
| 开本: | 21cm | |
| 丛书名: | ||
| 单 册: | ||
| 中图分类: | Z852.7 | |
| 科图分类: | ||
| 主题词: | 出版发行目录--中国--现代 | |
| 电子资源: | ||
| ISBN: | ||
| 000 | 00732nam0 2200229 45 | |
| 001 | 0180003955 | |
| 005 | 20050508172235.8 | |
| 010 | @dCNY11.00 | |
| 091 | @a17100.068 | |
| 100 | @a19950104d1986 em y0chiy0121 ea | |
| 101 | 0 | @achi |
| 102 | @aCN@b110000 | |
| 105 | @ay b 000yy | |
| 200 | 10 | @a1949-1979翻译出版外国文学著作目录和提要@A1949-1979 Fan Yi Chu Ban Wai Guo Wen Xue Zhu Zuo Mu Lu He Ti Yao@f中国版本图书馆编@FZhong Guo Ban Ben Tu Shu Guan Bian |
| 210 | @a南京@c江苏人民出版社@d1986.07 | |
| 215 | @a1412页@d21cm | |
| 606 | 0 | @a出版发行目录@x中国@x现代 |
| 690 | @aZ852.7@v3 | |
| 711 | 02 | @a中国版本图书馆@4编 |
| 801 | 0 | @aCN@b上海图书馆@c20050508 |
| 801 | 2 | @aCN@bNLC@c20050508 |
| 905 | @f1@b202812@dZ852.7@e27(49-79) | |
| 1949-1979翻译出版外国文学著作目录和提要/中国版本图书馆编.-南京:江苏人民出版社,1986.07 |
| 1412页;21cm |
| ISBN :CNY11.00 |
| ● |
| 相关链接 |
|
|
|
|
正题名:1949-1979翻译出版外国文学著作目录和提要
索取号:Z852.7/27(49-79)
 
预约/预借
| 序号 | 登录号 | 条形码 | 馆藏地/架位号 | 状态 | 备注 |
| 1 | 0202812 | 002029003 | 第三借阅区/ [索取号:Z852.7/27(49-79)] | 在馆 |